000 00621nam a2200217Ii 4500
001 19128
003 CO-ViMGA
008 241108s9999||||xx |||||||||||||| ||und||
020 _a9589180701
040 _aCO-ViMGA
_bspa
_erda
_cCO-ViMGA
041 0 _aspa
084 _aC NIÑ2o
100 1 _aGuillermo Linero Montes
_947524
245 1 0 _aLa orilla del medio :
_brelatos
264 1 _aBogotá, Colombia : Trilce Editores, 1997
300 _avolumen
336 _atext
_btxt
_2rdacontent
337 _aunmediated
_bn
_2rdamedia
338 _avolume
_bnc
_2rdacarrier
940 _aidficha_siabuc: 18785. -- ficha_no_siabuc:19128
999 _c42125
_d42125